[Event "25th Zadar Open 2018"]
[Site "Zadar"]
[Date "2018.12.21"]
[Round "8.27"]
[White "Sapale Saloni"]
[Black "Bilobrk, Franjo"]
[Result "0-1"]
[WhiteElo "2187"]
[BlackElo "2364"]
[Annotator "NA"]
[PlyCount "90"]
[EventDate "2018.12.15"]
[EventType "swiss"]
[EventCountry "CRO"]
[SourceTitle "playchess.com"]
[Source "ChessBase"]
[SourceQuality "1"]
[TimeControl "40/5400+30:1800+30"]

1. e4 {[%emt 0:01:30]} c5 {[%emt 0:00:30]} 2. Nf3 {[%emt 0:00:30]} d6 {[%emt 0:00:30]} 3. d4 {[%emt 0:00:30]} cxd4 {[%emt 0:00:30]} 4. Nxd4 {[%emt 0:00:30]} Nf6 {[%emt 0:00:00]} 5. Nc3 {[%emt 0:00:00]} a6 {[%emt 0:00:00]} 6. Be3 {[%emt 0:00:00]} e5 {[%emt 0:00:00]} 7. Nb3 {[%emt 0:00:00]} Be6 {[%emt 0:00:00]} 8. f3 {[%emt 0:00:00]} h5 {[%emt 0:00:30]} 9. Qd2 {[%emt 0:00:30]} Nbd7 {[%emt 0:00:30]} 10. Nd5 {[%emt 0:00:00] B90: Sicilian Najdorf: Unusual White 6th moves, 6 Be3 Ng4 and 6 Be3 e5} Bxd5 {[%emt 0:00:00]} 11. exd5 {[%emt 0:01:00]} g6 {[%emt 0:00:00]} 12. Be2 {[%emt 0:00:00]} Bg7 {[%emt 0:01:30]} 13. O-O {[%emt 0:00:00]} (13. O-O-O O-O 14. g4 a5 15. a4 Nb6 16. gxh5 Nxh5 17. Bb5 Nf6 {0-1 (71) Leko,P (2690)-Vachier Lagrave,M (2780) Batumi 2018}) 13... O-O {[%emt 0:00:30]} 14. Na5 {[%emt 0:00:30]} Qc7 {[%emt 0:00:30]} 15. c4 {[%emt 0:00:30]} e4 {[%emt 0:00:30]} 16. f4 {[%emt 0:00:30]} Ng4 {[%emt 0:03:30]} 17. Bxg4 {[%emt 0:00:30]} hxg4 {[%emt 0:00:30] [#]} 18. Rac1 $146 {[%emt 0:00:30]} Nc5 {[%emt 0:08:30]} 19. b4 {[%emt 0:10:30]} Nd3 {[%emt 0:01:30]} 20. Rc2 {[%emt 0:00:00]} b6 {[%emt 0:03:30]} 21. Nc6 {[%emt 0:13:00]} f5 {[%emt 0:00:30]} 22. c5 {[%emt 0:20:30]} bxc5 {[%emt 0:07:30]} 23. bxc5 {[%emt 0:00:30]} Rf7 {[%emt 0:05:30]} 24. Nb4 {[%emt 0:20:30]} Nxc5 {[%emt 0:03:30]} 25. Rfc1 {[%emt 0:00:00]} Qb6 {[%emt 0:08:30]} 26. Nc6 {[%emt 0:02:00]} Re8 {[%emt 0:08:30]} 27. Qf2 {[%emt 0:02:30]} Bf8 {[%emt 0:01:30]} 28. Bxc5 {[%emt 0:01:30]} dxc5 {[%emt 0:00:00]} 29. Ne5 {[%emt 0:00:00]} Bg7 {[%emt 0:01:00]} 30. Rxc5 {[%emt 0:04:00]} Rb7 {[%emt 0:08:30]} 31. Rc8 {[%emt 0:02:30]} Rxc8 {[%emt 0:01:30]} 32. Rxc8+ {[%emt 0:00:30]} Kh7 {[%emt 0:00:30]} 33. Qxb6 {[%emt 0:00:30]} Rxb6 {[%emt 0:00:30]} 34. Rc6 {[%emt 0:02:19]} Rb5 {[%emt 0:06:30]} 35. Rd6 $2 {[%emt 0:08:08]} (35. Nxg6 $11 {and White is okay.} Rxd5 36. Rxa6) 35... g5 {[%emt 0:00:30]} 36. g3 $19 {[%emt 0:01:06]} (36. Ng6 $142 Rb2 37. Kf1) 36... Bxe5 {[%emt 0:10:30]} 37. fxe5 {[%emt 0:00:08]} f4 {[%emt 0:00:30]} 38. gxf4 {[%emt 0:02:34]} gxf4 {[%emt 0:00:00]} 39. Rf6 {[%emt 0:01:33]} Rb1+ {[%emt 0:01:00]} 40. Kg2 {[%emt 0:00:00]} Rb2+ {[%emt 0:00:00]} 41. Kg1 {[%emt 0:10:12]} f3 {[%emt 0:00:00]} 42. Rc6 {[%emt 0:00:30]} e3 {[%emt 0:01:30]} 43. Rc1 {[%emt 0:00:00]} Rg2+ {[%emt 0:03:30]} 44. Kh1 {[%emt 0:03:00]} e2 {[%emt 0:00:30]} 45. d6 {[%emt 0:02:30]} f2 {[%emt 0:00:30]} 0-1

[Event "25th Zadar Open 2018"]
[Site "Zadar"]
[Date "2018.12.22"]
[Round "9.1"]
[White "Blagojevic, Dragisa"]
[Black "Krzyzanowski, Marcin"]
[Result "0-1"]
[WhiteElo "2497"]
[BlackElo "2491"]
[Annotator "TA"]
[PlyCount "84"]
[EventDate "2018.12.15"]
[EventType "swiss"]
[EventCountry "CRO"]
[SourceTitle "playchess.com"]
[Source "ChessBase"]
[SourceQuality "1"]

{[%evp 28,84,56,56,51,47,61,54,73,65,83,64,63,60,73,30,62,50,143,137,156,142,145,-387,-398,-399,-388,-403,-383,-383,-348,-394,-392,-427,-415,-628,-622,-874,-862,-873,-860,-887,-870,-854,-840,-943,-927,-1074,-1058,-29977,-29978,-6697,-6825,-29986,-29987,-29987,-29988,-29989,-29990]} 1. d4 Nf6 2. c4 c5 3. d5 e6 4. Nc3 exd5 5. cxd5 d6 6. e4 g6 7. h3 Bg7 8. Nf3 O-O 9. Bd3 Re8 10. O-O Nbd7 {A70: Modern Benoni: 6 e4 g6 7 Nf3} 11. Re1 Nh5 12. Bg5 Bf6 13. Be3 Ne5 14. Be2 Nxf3+ 15. Bxf3 {LiveBook: 7 Games} Ng7 16. Qd2 {[#]} h5 $146 ({Predecessor:} 16... Be5 17. Bf4 {1-0 (32) Jojua,D (2571)-Pantsulaia,L (2590) Ureki 2014}) 17. Rab1 b6 18. b4 g5 19. g4 Be5 {And now ...Qf6 would win.} 20. Kg2 Bd7 21. Rec1 hxg4 22. hxg4 Qf6 {[#]} (22... Qc8 $14) 23. Ne2 $1 $16 (23. Bxg5 Qg6 $11) 23... Qg6 {[#]} 24. Rh1 $1 ({Resist} 24. bxc5 $6 bxc5 25. Rb7 (25. Bxg5 f6 $11) 25... Re7 $14) (24. Bxg5 f6 $15) 24... f6 25. Rh3 $2 {[%mdl 8192] [#]} (25. Rbe1 $16) 25... Bxg4 $1 $19 {[%mdl 512]} 26. Rg1 (26. Bxg4 Qxe4+) 26... Bxh3+ 27. Kxh3 Kf7 28. Kg2 a5 29. bxc5 bxc5 30. Kf1 Rab8 31. Qxa5 (31. Qd3 $142) 31... Rb1+ 32. Nc1 Bd4 {...Bxe3 is the strong threat.} 33. Qd2 Bxe3 34. Qxe3 Nh5 35. Ke1 Nf4 36. Kd1 Reb8 37. Rh1 R8b4 38. Kd2 R4b2+ 39. Kd1 Kg7 40. Qa3 Qe8 {Black mates.} 41. Qa7+ Rb7 42. Qa6 Qe5 {Accuracy: White = 43%, Black = 75%.} 0-1

[Event "25th Zadar Open 2018"]
[Site "Zadar"]
[Date "2018.12.22"]
[Round "9.2"]
[White "Djukic, Nikola"]
[Black "Rakesh Kumar Jena"]
[Result "1-0"]
[WhiteElo "2574"]
[BlackElo "2398"]
[Annotator "TA"]
[PlyCount "187"]
[EventDate "2018.12.15"]
[EventType "swiss"]
[EventCountry "CRO"]
[SourceTitle "playchess.com"]
[Source "ChessBase"]
[SourceQuality "1"]

{[%evp 24,187,45,39,76,67,72,65,66,59,87,80,77,76,129,95,99,87,128,72,72,65,68,61,62,41,40,48,44,54,44,38,36,23,11,6,49,47,75,50,118,52,52,22,22,25,28,0,0,0,0,0,0,0,0,0,0,0,0,0,6,0,16,0,0,-14,-13,-8,-8,-10,-20,-107,-107,-112,0,-8,0,0,0,0,0,0,0,0,0,0,0,0,0,0,0,0,0,0,0,0,0,0,0,0,6,6,6,6,6,6,6,6,6,0,0,0,8,8,8,8,8,8,8,8,8,8,8,8,8,8,8,8,8,8,8,8,8,8,46,46,46,46,46,46,49,49,49,49,49,49,53,58,61,68,9998,4718,29958,29944,5866,4856,29964,29965,29967,29965,29968,29969,29969,29970,29967,29967]} 1. e4 d6 2. d4 Nf6 3. Nc3 g6 4. Be3 c6 5. h3 Nbd7 6. a4 Bg7 7. Nf3 {[%cal Bg1f3,Bf3d2,Bd2c4][%mdl 32]} O-O 8. Be2 e5 9. dxe5 dxe5 10. Nd2 Qe7 11. Nc4 Rd8 12. Qd6 Qxd6 13. Nxd6 {LiveBook: 5 Games. B08: Pirc Defence: Classical System} Ne8 (13... Bf8 14. O-O-O Nb6 15. Nxc8 Rxd1+ 16. Rxd1 Rxc8 17. g4 Bb4 18. Na2 Be7 19. a5 Na4 20. f3 a6 {1-0 (39) Cheparinov,I (2621)-Nyback,T (2551) Warsaw 2005}) 14. Nxc8 Rdxc8 15. O-O-O {White is better.} Nf8 16. Bc4 Nc7 17. a5 Nce6 18. Na4 $146 ({Predecessor:} 18. Bxe6 Nxe6 19. Rd7 Rcb8 20. Na4 Bf6 {½-½ (34) Wegemund,H (1790)-Hornung,H (2189) Bad Woerishofen 2003}) 18... Rc7 ({Black should play} 18... Bf6) 19. Nc5 Nxc5 20. Bxc5 b5 21. Bb3 (21. axb6 $142 axb6 22. Bxb6 Bh6+ 23. Kb1) 21... Bf6 22. Rd3 (22. Bd6 {with more complications.} Rb7 23. c3 Rd8 24. Kc2 Rbd7 25. Bc5) 22... Be7 23. Bxe7 Rxe7 24. Rd6 Rc8 25. Rhd1 Rcc7 26. Rd8 $36 {[%mdl 2048] White has good play.} Kg7 27. c3 Nd7 28. Ra8 Nc5 29. Bc2 b4 30. cxb4 Ne6 31. a6 Nd4 (31... Nf4 $14) 32. Bd3 (32. Ba4 $16) 32... c5 $14 33. bxc5 $1 {[#] Black must now prevent b4.} Nb3+ $1 34. Kb1 Red7 $1 35. Bc2 (35. Be2 {keeps more tension.} Rxd1+ 36. Bxd1 Nxc5 37. Be2 Nxe4 38. f3) 35... Nxc5 36. Rxd7 Rxd7 $11 {[%mdl 4096] Endgame KRB-KRN} 37. Rc8 Nxa6 38. Rc4 Nc7 39. Ba4 Re7 40. Rc5 Kf6 41. Bb3 h5 42. h4 Rd7 43. Ra5 Ne6 44. Ra6 Rd2 45. Bxe6 fxe6 46. Rxa7 Rxf2 {KR-KR} 47. Ra3 (47. b4 $1 $11 {keeps the balance.}) 47... Rxg2 $17 {Strongly threatening ...g5.} 48. b4 {[%cal Bb2b4,Bb4b5,Bb5b6,Bb6b7][%mdl 32]} Rd2 ({Black should try} 48... Rg4 $17 49. b5 Ke7 50. Ra7+ Kd6 51. Ra6+ Kc5 52. Rxe6 Kxb5 53. Rxe5+ Kc4) 49. b5 $11 Rd7 50. Kc2 g5 51. Rf3+ Kg6 52. Rg3 g4 53. b6 Kf6 54. Rb3 Rd8 $1 55. b7 Rb8 56. Kd3 Ke7 57. Ke2 Kd6 58. Rb5 Ke7 59. Kf2 Kf6 60. Kg3 Kg6 61. Rb1 Kf6 62. Kf2 Ke7 63. Ke3 Kf6 64. Rb5 Kg6 65. Kd3 {Threatens to win with Rb1.} Kf6 66. Rb1 Ke7 67. Rb5 Kd6 68. Ke3 Ke7 69. Rxe5 Rxb7 70. Rxh5 {Threatening mate with Rh7+.} Rb1 71. Rg5 Rh1 72. Rxg4 Kf6 73. Kf3 Ra1 74. Rg3 Rf1+ 75. Kg4 Kg6 76. Rf3 Re1 77. h5+ Kg7 78. Kf4 {And now Ke5 would win.} Kh6 79. Rh3 {aiming for Ke5.} Ra1 80. Ke5 Ra4 81. Rh4 Kg5 82. Rh1 {h6 is the strong threat.} Kh6 83. Rh2 Rb4 $1 84. Rh4 Kg5 85. Rh1 Kh6 86. Re1 Rb6 $2 {[%mdl 8192]} (86... Kxh5 $14 87. Kxe6 Kh6) 87. Kf6 $18 Kxh5 88. e5 Kg4 89. Re4+ Kf3 {[#]} 90. Rd4 $1 {[%cal Rd4d6] White mates.} Ra6 91. Rd6 Ra8 92. Rxe6 Ke4 93. Rb6 Kd5 94. e6 {Accuracy: White = 70%, Black = 64%.} 1-0

[Event "25th Zadar Open 2018"]
[Site "Zadar"]
[Date "2018.12.22"]
[Round "9.3"]
[White "Brkic, Ante"]
[Black "Livaic, Leon"]
[Result "1/2-1/2"]
[WhiteElo "2563"]
[BlackElo "2474"]
[Annotator "TA"]
[PlyCount "79"]
[EventDate "2018.12.15"]
[EventType "swiss"]
[EventCountry "CRO"]
[SourceTitle "playchess.com"]
[Source "ChessBase"]
[SourceQuality "1"]

{[%evp 19,79,0,14,-11,-6,-12,0,0,52,0,31,-5,8,-12,-10,-14,-12,-16,0,-31,-5,-72,-74,-63,-54,-58,-22,-35,-22,-29,-33,-87,-94,-65,-53,-71,-63,-69,0,0,2,0,43,0,0,0,22,20,35,9,56,0,127,0,130,0,0,-15,0,-103,-101,-115]} 1. e4 e6 2. d4 d5 3. Nc3 Bb4 4. e5 c5 5. a3 Bxc3+ 6. bxc3 Ne7 7. Qg4 Qc7 8. Bd3 Qa5 {C18: French: 3 Nc3 Bb4: Main line: 7 h4 and 7 Qg4} (8... cxd4 9. Ne2 dxc3 10. Qxg7 Rg8 11. Qxh7 Qxe5 12. Bf4 Qf6 13. h4 Rxg2 14. Kf1 Rg8 15. Rg1 Rh8 16. Bg5 Rxh7 17. Bxf6 Rh6 18. Bg5 Rh8 19. Bf6 Rh6 20. Bg5 Rh8 21. Bf6 {½-½ (21) Leko,P (2728)-Shirov,A (2713) Saratov 2011}) 9. Bd2 c4 10. Be2 Nf5 {LiveBook: 17 Games. The position is equal.} 11. Bd1 Nc6 12. Ne2 {[%cal Bg1e2,Be2g3,Bg3h5][%mdl 32]} Bd7 13. Ng3 Rg8 $146 (13... O-O $11) ({Predecessor:} 13... Nce7 14. O-O O-O-O 15. Be2 f6 16. exf6 gxf6 17. Nxf5 Nxf5 {½-½ (38) Levitsky,A (2074)-Gadimbayli,A (2316) Poprad 2016}) 14. Qh3 ({Better is} 14. Nxf5 $14 exf5 15. Qh4) 14... h6 15. Nh5 O-O-O 16. g4 Nfe7 17. Qe3 Rdf8 18. h3 Qb6 19. Bc1 f6 $36 {[%mdl 2048] Black is pushing.} 20. f4 (20. exf6 $11 gxf6 21. Qxh6) 20... fxe5 $17 21. fxe5 Be8 22. Nf4 Kd7 23. h4 $1 Bg6 24. O-O Rf7 25. Bf3 (25. h5 $15 Be4 26. Bf3) 25... Rgf8 26. Bg2 Bxc2 27. Ra2 {[#]} Be4 $1 {[%mdl 512]} 28. Rb2 (28. Bxe4 g5) 28... Qc7 ({Black should try} 28... Qa5 $1 $15 29. Rbf2 Bxg2 30. Kxg2 Qa4) 29. Bxe4 $11 g5 30. Bg2 {Black must now prevent hxg5.} gxf4 31. Qh3 Qa5 {aiming for ...f3.} 32. Rbf2 h5 33. gxh5 {[%cal Rc1f4]} Nf5 34. Rxf4 Nce7 35. Rg4 (35. h6 $14) 35... Qa4 {[#]} (35... Rh7 $11) 36. h6 (36. Rg6 $1 $16) 36... Rh8 {[#]} (36... Qc2 $11 37. Rgf4 Rg8) 37. Kh2 (37. Bf3 $1 $16) 37... Rfh7 38. Kg1 Qc2 39. h5 (39. Bg5 $11 {keeps the balance.}) 39... Nxh6 $17 40. Rg5 {Accuracy: White = 38%, Black = 53%.} 1/2-1/2

[Event "25th Zadar Open 2018"]
[Site "Zadar"]
[Date "2018.12.22"]
[Round "9.4"]
[White "Salimova, Nurgyul"]
[Black "Plenca, Jadranko"]
[Result "1/2-1/2"]
[WhiteElo "2377"]
[BlackElo "2475"]
[Annotator "TA"]
[PlyCount "20"]
[EventDate "2018.12.15"]
[EventType "swiss"]
[EventCountry "CRO"]
[SourceTitle "playchess.com"]
[Source "ChessBase"]
[SourceQuality "1"]

{[%evp 19,20,0,16]} 1. d4 d5 2. c4 c6 3. cxd5 cxd5 4. Nc3 Nf6 5. Nf3 Nc6 6. Bf4 Nh5 $146 7. Bc1 Nf6 8. Bf4 Nh5 9. Bc1 Nf6 10. Bf4 Nh5 {LiveBook: 363 Games} 1/2-1/2

[Event "25th Zadar Open 2018"]
[Site "Zadar"]
[Date "2018.12.22"]
[Round "9.5"]
[White "Omelja, Artem"]
[Black "Rezan, Sasa"]
[Result "1-0"]
[WhiteElo "2457"]
[BlackElo "2421"]
[Annotator "ChessBase"]
[PlyCount "141"]
[EventDate "2018.12.15"]
[EventType "swiss"]
[EventCountry "CRO"]
[SourceTitle "playchess.com"]
[Source "ChessBase"]
[SourceQuality "1"]
[TimeControl "40/5400+30:1800+30"]

1. Nf3 {[%emt 0:06:30]} Nf6 {[%emt 0:00:30]} 2. c4 {[%emt 0:00:00]} e6 {[%emt 0:00:30]} 3. Nc3 {[%emt 0:00:00]} d5 {[%emt 0:00:00]} 4. e3 {[%emt 0:00:30]} a6 {[%emt 0:00:00]} 5. b3 {[%emt 0:02:30]} c5 {[%emt 0:02:30]} 6. Bb2 {[%emt 0:03:30]} Nc6 {[%emt 0:00:30]} 7. cxd5 {[%emt 0:00:30]} exd5 {[%emt 0:01:30]} 8. d4 {[%emt 0:00:30]} cxd4 {[%emt 0:03:30]} 9. Nxd4 {[%emt 0:00:30]} Bd7 {[%emt 0:10:30]} 10. Be2 {[%emt 0:00:30]} Bc5 {[%emt 0:09:30]} 11. Nxc6 {[%emt 0:01:30]} Bxc6 {[%emt 0:01:30]} 12. Bf3 {[%emt 0:00:30]} O-O {[%emt 0:03:30]} 13. O-O {[%emt 0:00:30]} Qd6 {[%emt 0:12:30]} 14. Qd3 {[%emt 0:06:30]} d4 {[%emt 0:10:30]} 15. exd4 {[%emt 0:03:30]} Bxd4 {[%emt 0:00:00]} 16. Ne4 {[%emt 0:06:30]} Bxe4 {[%emt 0:11:00]} 17. Bxe4 {[%emt 0:00:30]} Nxe4 {[%emt 0:01:30]} 18. Bxd4 {[%emt 0:01:30]} Nc5 {[%emt 0:03:30]} 19. Qe3 {[%emt 0:02:30]} Ne6 {[%emt 0:00:00]} 20. Be5 {[%emt 0:01:30]} Qe7 {[%emt 0:02:00]} 21. Rfe1 {[%emt 0:07:30]} Rfe8 {[%emt 0:02:30]} 22. Qg3 {[%emt 0:02:30]} f6 {[%emt 0:02:30]} 23. Bc3 {[%emt 0:11:30]} Qf7 {[%emt 0:00:30]} 24. h4 {[%emt 0:01:30]} Nf8 {[%emt 0:04:11]} 25. Qf3 {[%emt 0:05:30]} Rad8 {[%emt 0:03:47]} 26. Rxe8 {[%emt 0:06:30]} Rxe8 {[%emt 0:00:05]} 27. Rd1 {[%emt 0:01:30]} h6 {[%emt 0:02:36]} 28. g3 {[%emt 0:01:30]} Ng6 {[%emt 0:01:34]} 29. Kg2 {[%emt 0:04:30]} Nf8 {[%emt 0:02:50]} 30. Rd6 {[%emt 0:01:30]} Ne6 {[%emt 0:03:05]} 31. Qf5 {[%emt 0:05:27]} Nf8 {[%emt 0:01:52]} 32. Qg4 {[%emt 0:07:26]} Ne6 {[%emt 0:00:28]} 33. Rb6 {[%emt 0:01:10]} Kh8 {[%emt 0:01:22]} 34. Qf5 {[%emt 0:04:07]} Qc7 {[%emt 0:01:14]} 35. Rxe6 {[%emt 0:00:43]} Rxe6 {[%emt 0:00:04]} 36. Qxe6 {[%emt 0:00:06]} Qxc3 {[%emt 0:00:01]} 37. Qe8+ {[%emt 0:00:11]} Kh7 {[%emt 0:00:03]} 38. Qe4+ {[%emt 0:00:09]} Kh8 {[%emt 0:00:36]} 39. Qe8+ {[%emt 0:00:21]} Kh7 {[%emt 0:00:03]} 40. Qe4+ {[%emt 0:00:00]} Kh8 {[%emt 0:00:00]} 41. Qxb7 {[%emt 0:00:50]} Qd3 {[%emt 0:10:09]} 42. Qc8+ {[%emt 0:01:30]} Kh7 {[%emt 0:00:30]} 43. Qc4 {[%emt 0:00:30]} Qd6 {[%emt 0:00:30]} 44. b4 {[%emt 0:01:30]} Qb6 {[%emt 0:03:30]} 45. a4 {[%emt 0:03:30]} Qb7+ {[%emt 0:03:30]} 46. Kg1 {[%emt 0:00:30]} f5 {[%emt 0:00:30]} 47. b5 {[%emt 0:01:30]} axb5 {[%emt 0:00:00]} 48. axb5 {[%emt 0:00:30]} f4 {[%emt 0:02:11]} 49. Qc6 {[%emt 0:09:30]} Qe7 {[%emt 0:02:14]} 50. Qc2+ {[%emt 0:00:30]} g6 {[%emt 0:00:24]} 51. b6 {[%emt 0:07:47]} Qb4 {[%emt 0:08:30]} 52. Qc7+ {[%emt 0:02:28]} Kg8 {[%emt 0:00:31]} 53. gxf4 {[%emt 0:04:34]} Qe1+ {[%emt 0:02:29]} 54. Kg2 {[%emt 0:00:11]} Qe4+ {[%emt 0:00:17]} 55. Kf1 {[%emt 0:02:21]} Qh1+ {[%emt 0:04:04]} 56. Ke2 {[%emt 0:00:10]} Qe4+ {[%emt 0:00:01]} 57. Kd2 {[%emt 0:00:16]} Qd4+ {[%emt 0:00:23]} 58. Kc1 {[%emt 0:00:17]} Qa1+ {[%emt 0:00:31]} 59. Kc2 {[%emt 0:00:12]} Qa4+ {[%emt 0:01:20]} 60. Kc3 {[%emt 0:00:16]} Qa3+ {[%emt 0:01:35]} 61. Kc4 {[%emt 0:00:18]} Qa4+ {[%emt 0:00:59]} 62. Kc5 {[%emt 0:00:20]} Qa5+ {[%emt 0:00:42]} 63. Kc6 {[%emt 0:00:24]} Qa8+ {[%emt 0:01:19]} 64. b7 {[%emt 0:01:23]} Qa4+ {[%emt 0:00:30]} 65. Kb6 {[%emt 0:00:33]} Qb4+ {[%emt 0:00:18]} 66. Ka7 {[%emt 0:00:15]} Qa4+ {[%emt 0:00:08]} 67. Kb8 {[%emt 0:00:11]} h5 {[%emt 0:00:44]} 68. Kc8 {[%emt 0:01:20]} Qa6 {[%emt 0:00:20]} 69. Kd7 {[%emt 0:01:03]} Qa4+ {[%emt 0:00:40]} 70. Qc6 {[%emt 0:00:31]} Qd4+ {[%emt 0:01:11]} 71. Ke8 {[%emt 0:00:42]} 1-0

[Event "25th Zadar Open 2018"]
[Site "Zadar"]
[Date "2018.12.22"]
[Round "9.6"]
[White "Petrov, Nikita"]
[Black "Loiseau, Quentin"]
[Result "1/2-1/2"]
[WhiteElo "2593"]
[BlackElo "2443"]
[Annotator "TA"]
[PlyCount "83"]
[EventDate "2018.12.15"]
[EventType "swiss"]
[EventCountry "CRO"]
[SourceTitle "playchess.com"]
[Source "ChessBase"]
[SourceQuality "1"]

{[%evp 15,83,27,26,20,28,21,41,41,44,58,50,55,75,70,77,75,98,89,90,97,169,43,110,113,128,126,208,212,291,290,286,211,212,206,211,211,211,211,211,211,207,179,181,173,379,0,42,-56,106,84,97,99,97,97,95,97,97,97,82,18,20,20,18,19,24,0,0,0,0,0]} 1. e4 c5 2. Nf3 Nc6 3. Bb5 e6 4. O-O Nge7 5. d4 cxd4 6. Nxd4 Qb6 7. Nxc6 {B30: Sicilian: 2...Nc6 3 Bb5, lines without ...g6} dxc6 8. Bc4 Ng6 {LiveBook: 7 Games} 9. Kh1 {White has an edge.} Qc7 10. f4 Be7 $146 ({Predecessor:} 10... Bd6 11. e5 Be7 12. Nc3 O-O 13. Bd3 b6 14. a4 a6 {1-0 (45) Caruana,F (2807)-Lenic,L (2646) Tbilisi 2017}) 11. a4 O-O 12. Nc3 {[%cal Bb1c3,Bc3e4,Be4d6,Bd6b5][%mdl 32]} b6 13. Qh5 Rd8 14. Be3 Bd6 {[%cal Rg6f4]} 15. e5 Bf8 16. Ne4 {Strongly threatening f5!} h6 17. Rae1 {f5! is the strong threat.} Ne7 (17... Qe7 $16) 18. Bf2 (18. f5 $1 $18 {[%cal Rf5e6]} Nxf5 19. Nf6+ Kh8 20. Ne4) 18... c5 ({Black should play} 18... Bb7 $14) 19. Bh4 $36 {[%mdl 2048] White is on the roll.} Rd4 20. Nd6 Ng6 (20... Nf5 $16) 21. Nb5 $1 $18 {[%csl LRc7,LRd4][%cal Rb5c7][%mdl 64] Double Attack} Qd7 22. Nxd4 Qxd4 23. Bd3 Nxh4 24. Qxh4 Qxa4 25. Be4 $1 {[%cal Re4a8]} Rb8 26. Qd8 {Hoping for Qc7.} Ba6 27. Qxb8 Bxf1 28. Qa8 ({Don't take} 28. Rxf1 $6 Qxe4 29. Qxa7 Qxc2 $16) 28... Bc4 29. Rd1 Be2 $2 {[#]} (29... Bd5 {keeps fighting.} 30. Bxd5 exd5) 30. Re1 $2 (30. Bc6 $1 $18 Qxc6 31. Qxc6 Bxd1 32. c3) 30... Qd4 31. Bf3 (31. f5 $14) 31... Qxf4 $2 (31... Qd2 $1 $15 {keeps the upper hand.} 32. Ra1 Qxc2 33. Bxe2 Qxe2) 32. Bxe2 $16 Qf2 {[#]} 33. Rf1 $1 {[%cal Rf1f2]} Qxe2 {[%cal Re2f1][%mdl 64] Double Attack} 34. Qf3 Qxf3 35. gxf3 {[%mdl 4096] Endgame KR-KB} g5 36. Rd1 c4 37. Ra1 ({White should try} 37. c3 $16) 37... a5 $11 38. Ra4 Bg7 39. Rxc4 Bxe5 40. Rc6 Bd4 $1 41. Kg2 Kg7 42. c3 {Accuracy: White = 68%, Black = 51%.} 1/2-1/2

[Event "25th Zadar Open 2018"]
[Site "Zadar"]
[Date "2018.12.22"]
[Round "9.7"]
[White "Tomazini, Zan"]
[Black "Saric, Ibro"]
[Result "0-1"]
[WhiteElo "2437"]
[BlackElo "2559"]
[Annotator "TA"]
[PlyCount "124"]
[EventDate "2018.12.15"]
[EventType "swiss"]
[EventCountry "CRO"]
[SourceTitle "playchess.com"]
[Source "ChessBase"]
[SourceQuality "1"]

{[%evp 16,124,53,54,58,56,42,41,77,38,35,42,33,40,30,35,37,34,30,0,0,-2,-7,-20,-20,-16,-14,-33,0,-15,0,-9,0,-19,0,0,0,-6,-13,-41,-43,-82,-80,-77,-47,-52,-41,-45,-52,-52,-47,-100,-96,-89,-89,-104,-20,-20,-12,-13,-14,-70,-70,-70,-70,-163,-70,-156,-40,-40,-40,-40,-40,-53,-53,-433,-384,-425,-422,-384,-258,-237,-214,-252,-252,-261,-268,-552,-516,-381,-381,-300,-275,-651,-651,-618,-618,-545,-510,-5824,-5523,-29971,-29973,-29972,-29973,-29982,-29983,-29993,-29994,-29994,-29995]} 1. e4 g6 2. d4 Bg7 3. Nc3 c6 4. Nf3 d5 5. h3 Nh6 6. Bf4 O-O {B15: Caro-Kann: 3 Nc3: 3...g6 and 3...dxe4 4 Nxe4 Nf6 5 Nxf6+ exf6} (6... f6 7. Bd3 Nf7 8. O-O O-O 9. Re1 e5 10. dxe5 fxe5 11. Bg3 d4 12. Nb1 Be6 13. Nbd2 Nd7 14. a4 Qe7 {0-1 (48) Kurnosov,I (2648)-Khismatullin,D (2660) Apatity 2011}) 7. Qd2 dxe4 8. Nxe4 Nf5 9. c3 {LiveBook: 25 Games} Be6 10. Bd3 Bd5 11. O-O Nd6 12. Rfe1 Nxe4 13. Bxe4 e6 $146 ({Predecessor:} 13... Nd7 14. Bxd5 cxd5 {0-1 (46) Diviak,R (2014)-Janko,L (2195) Slovakia 2008}) 14. Ne5 Bxe4 15. Rxe4 Nd7 16. Bg5 Qc7 {[%cal Rd7e5]} 17. Bh6 Nxe5 18. dxe5 Rfd8 19. Qg5 Bh8 20. Rae1 Rd5 21. c4 Rd7 22. Qf4 Qa5 23. a3 Qb6 24. b4 Rd3 25. Bg5 Bg7 26. Be7 Qa6 27. R1e3 Qxa3 $1 28. Rxd3 Qxd3 29. Rd4 Qb1+ (29... Qe2 {is interesting.} 30. Re4 Qb2 31. c5 h6 32. Kh2 Re8) 30. Kh2 Qf5 31. Qxf5 gxf5 $15 {[%mdl 4096] Endgame KRB-KRB} 32. f4 $1 Bf8 33. Rd7 ({Better is} 33. Bxf8 $15 Kxf8 34. Rd7) 33... Bxe7 $17 34. Rxe7 {KR-KR} b6 35. b5 cxb5 (35... a5 $17 {...cxb5 is the strong threat.} 36. bxa6 Rxa6) 36. cxb5 $11 a5 {[#] White must now prevent ...a4.} 37. bxa6 $1 Rxa6 38. Rb7 ({White should play} 38. g4 $11) 38... Ra4 $15 39. Kg3 Rb4 $1 40. Rb8+ Kg7 41. Rb7 (41. Kf3 $1 $15) 41... h5 ({Black should try} 41... Kg6 $17 42. Rb8 b5) 42. h4 $1 Rb3+ 43. Kf2 b5 44. g3 Kf8 {aiming for ...b4.} 45. Kg2 $2 {[%mdl 8192]} ({White must play} 45. Rb8+ $15 Kg7 46. Rd8) 45... b4 $19 46. Rb8+ {[#]} Ke7 $1 47. Rb7+ Ke8 48. Kf2 Rb1 49. Kf3 b3 50. Kg2 Kd8 51. Rxf7 $2 (51. Kf3) 51... Rc1 52. Rb7 Rc3 53. Kf2 Kc8 54. Rb6 $2 (54. Rb4) 54... Kc7 55. Rb4 Kc6 56. Rb8 Kc5 57. Re8 (57. Ke1 $142 Rxg3 58. Rb7) 57... Kc4 58. Rxe6 b2 {Black mates.} 59. Rc6+ Kd3 60. Rd6+ Kc2 61. e6 b1=Q 62. e7 Qh1 {Accuracy: White = 42%, Black = 73%.} 0-1